Harpatkaʼot ʻOmri be-Meḳsiḳo / (Record no. 32984)

MARC details
000 -LEADER
fixed length control field 00568cam a22002051 4500
001 - CONTROL NUMBER
control field he 68000590
003 - CONTROL NUMBER IDENTIFIER
control field DLC
005 - DATE AND TIME OF LATEST TRANSACTION
control field 20260227111454.0
008 - FIXED-LENGTH DATA ELEMENTS--GENERAL INFORMATION
fixed length control field 840406s1967 is j 000 0 heb
010 ## - LIBRARY OF CONGRESS CONTROL NUMBER
LC control number he 68000590
035 ## - SYSTEM CONTROL NUMBER
System control number (OCoLC)19155972
040 ## - CATALOGING SOURCE
Original cataloging agency DLC
Transcribing agency MH
Modifying agency DLC
042 ## - AUTHENTICATION CODE
Authentication code premarc
050 00 - LIBRARY OF CONGRESS CALL NUMBER
Classification number PZ90.H3
Item number O4
100 1# - MAIN ENTRY--PERSONAL NAME
Personal name ʻOmer, Devorah,
Dates associated with a name 1932-
245 10 - TITLE STATEMENT
Title Harpatkaʼot ʻOmri be-Meḳsiḳo /
Statement of responsibility, etc. tsiyurim: Aryeh Moshḳovits.
260 ## - PUBLICATION, DISTRIBUTION, ETC.
Place of publication, distribution, etc. [Tel Aviv] :
Name of publisher, distributor, etc. ʻAmiḥai,
Date of publication, distribution, etc. [1967]
300 ## - PHYSICAL DESCRIPTION
Extent 177 p. :
Other physical details ill. ;
Dimensions 22 cm.
752 ## - ADDED ENTRY--HIERARCHICAL PLACE NAME
Country or larger entity Israel
City Tel Aviv

No items available.

Powered by Koha